Industrial solid-state electronics : devices and systems /
Guardado en:
| Autor Principal: | |
|---|---|
| Formato: | Libro |
| Idioma: | English |
| Publicado: |
Englewood Cliffs, N.J. :
Prentice-Hall,
c1979.
|
| Materias: | |
| Etiquetas: |
Agregar Etiqueta
Sin Etiquetas, Sea el primero en etiquetar este registro!
|
| LEADER | 00792pam a22002295a 4500 | ||
|---|---|---|---|
| 001 | EIQ.libpla003900 | ||
| 008 | 790323s1979####njua##########001#0#eng#d | ||
| 005 | 20080408154819.0 | ||
| 245 | 1 | 0 | |a Industrial solid-state electronics : |b devices and systems / |c Timothy J. Maloney. |
| 260 | |a Englewood Cliffs, N.J. : |b Prentice-Hall, |c c1979. | ||
| 300 | |a xviii, 541 p. : |b il. ; |c 24 cm. | ||
| 500 | |a Incluye índice. | ||
| 020 | |a 0134634063 | ||
| 100 | 1 | |a Maloney, Timothy J. | |
| 082 | 0 | 0 | |a 621.3815 |
| 650 | 4 | |a Electrónica |x Semiconductores. | |
| 650 | 4 | |a Electrónica |x Electrónica industrial. | |
| 650 | 4 | |a Electronics |x Semiconductors. | |
| 650 | 4 | |a Electronics |x Industrial electronics. | |
| 010 | |a 79012098 | ||
| 040 | |a DLC |c DLC |d AR-BbSID | ||
| 859 | |a AR-BbSID |b BIB. PLAPIQUI |h 621.385 |i M 29 |p 2951 | ||
